Quick Pick: Lucky 29! Quiz Stats

 Plays Quiz Updated Jun 29, 2018

Challenge
Share
Tweet
Embed
Score 0/10 Timer 01:30
3 Plays Today
% Correct
Leap Year
94.9%
Turkish Alphabet
92.3%
Copper
89.5%
Cribbage
89.3%
Chattanooga Choo Choo
86.4%
Qur'an
86%
Palms
83.6%
Rod Carew
78.3%
Sickle
77.6%
Tom Waits
75.5%

Today's Daily Dose

Missing Word
Animated TV Series

Word Ladder
Boston

Quick Pick
'H' Literature

On This Day
August 16th II

You're not logged in!

Compare scores with friends on all Sporcle quizzes.
Join for Free
OR
Log In

You Might Also Like...

Show Comments

Extras

Top Quizzes Today


Score Distribution

Your Account Isn't Verified!

In order to create a playlist on Sporcle, you need to verify the email address you used during registration. Go to your Sporcle Settings to finish the process.

Report this User

Report this user for behavior that violates our Community Guidelines.

Details: